Total Quality Management (Record no. 2312)

MARC details
000 -LEADER
fixed length control field 00400nam a22001697a 4500
005 - DATE AND TIME OF LATEST TRANSACTION
control field 20160601101329.0
008 - FIXED-LENGTH DATA ELEMENTS--GENERAL INFORMATION
fixed length control field 160601b xxu||||| |||| 00| 0 eng d
020 ## - INTERNATIONAL STANDARD BOOK NUMBER
ISBN 978-0-07-015364-6
041 ## - LANGUAGE CODE
Language code of text/sound track or separate title eng
082 ## - DEWEY DECIMAL CLASSIFICATION NUMBER
Item number 6602
100 ## - MAIN ENTRY--AUTHOR NAME
Personal name Gupta, N Srinivasa and others
245 ## - TITLE STATEMENT
Title Total Quality Management
260 ## - PUBLICATION, DISTRIBUTION, ETC. (IMPRINT)
Name of publisher TMH
Year of publication 2009
300 ## - PHYSICAL DESCRIPTION
Number of Pages 212
650 ## - SUBJECT ADDED ENTRY--TOPICAL TERM
Topical Term Management
942 ## - ADDED ENTRY ELEMENTS (KOHA)
Koha item type Books
Holdings
Lost status Damaged status Collection code Home library Current library Shelving location Date acquired Full call number Accession Number Koha item type
    MANAGEMENT JRU Library JRU Library SHELF-63-N 01/06/2016 6602 6602 Books
    MANAGEMENT JRU Library JRU Library SHELF-63-N 01/06/2016 6602 6603 Books
    Reference JRU Library   SHELF-29-A 01/06/2016 6602 6604 Books
    MANAGEMENT JRU Library JRU Library SHELF-63-N 01/06/2016 6602 6605 Books
    MANAGEMENT JRU Library JRU Library SHELF-63-N 01/06/2016 6602 6606 Books
    MANAGEMENT JRU Library JRU Library SHELF-63-N 01/06/2016 6602 6607 Books
    MANAGEMENT JRU Library JRU Library SHELF-63-N 01/06/2016 6602 6608 Books